One day at a time : (Record no. 12712)
[ view plain ]
| 000 -LEADER | |
|---|---|
| fixed length control field | 00669nam a2200205 a 4500 |
| 005 - DATE AND TIME OF LATEST TRANSACTION | |
| control field | 20140310182406.0 |
| 008 - FIXED-LENGTH DATA ELEMENTS--GENERAL INFORMATION | |
| fixed length control field | 020628s19uu xx 00 eng d |
| 020 ## - INTERNATIONAL STANDARD BOOK NUMBER | |
| International Standard Book Number | 9719174943 |
| 050 ## - LIBRARY OF CONGRESS CALL NUMBER | |
| Classification number | BV 4515.2 |
| Item number | .K82 2001 |
| 100 ## - MAIN ENTRY--PERSONAL NAME | |
| Personal name | Kong, Francis J |
| 245 ## - TITLE STATEMENT | |
| Title | One day at a time : |
| Remainder of title | a daily dose of inspiration for the man at work. Book 1 / |
| Statement of responsibility, etc | Francis J. Kong. |
| 260 ## - PUBLICATION, DISTRIBUTION, ETC. (IMPRINT) | |
| Place of publication, distribution, etc | Philippines : |
| Name of publisher, distributor, etc | SuccessOption Inc, |
| Date of publication, distribution, etc | 2001. |
| 300 ## - PHYSICAL DESCRIPTION | |
| Extent | 247 p. ; |
| Dimensions | 21 cm. |
| 650 ## - SUBJECT ADDED ENTRY--TOPICAL TERM | |
| Topical term or geographic name as entry element | Work |
| General subdivision | Literary collections. |
| 650 ## - SUBJECT ADDED ENTRY--TOPICAL TERM | |
| Topical term or geographic name as entry element | Businessmen |
| General subdivision | Literary collections. |
| 650 ## - SUBJECT ADDED ENTRY--TOPICAL TERM | |
| Topical term or geographic name as entry element | Businessmen (Inspirational writings). |
| 650 ## - SUBJECT ADDED ENTRY--TOPICAL TERM | |
| Topical term or geographic name as entry element | Devotional calendars. |
| 942 ## - ADDED ENTRY ELEMENTS (KOHA) | |
| Koha item type | Books |
| Source of classification or shelving scheme | Library of Congress Classification |
| Withdrawn status | Lost status | Source of classification or shelving scheme | Damaged status | Home library | Current library | Shelving location | Date acquired | Total Checkouts | Full call number | Barcode | Date last seen | Date checked out | Price effective from | Koha item type |
|---|---|---|---|---|---|---|---|---|---|---|---|---|---|---|
| Library of Congress Classification | Luxembourg Library | Luxembourg Library | Filipiniana Section | 10/25/2013 | 1 | BV 4515.2 .K82 2001 | 10662 | 09/25/2023 | 09/15/2023 | 03/10/2014 | Books |